Určování stáří a pohlaví pěvců /

Hlavní autor: Hájek, Vladislav
Jazyk: Čeština
Vydáno: Praha : SZN, 1978
Vydání: 1. vyd.
Edice: Knihovna Mor. ornitologického sdružení Vlastivědného ústavu v Přerově
Fyzický popis: 247, [1] s. ; 8°
Knihy
Uloženo v:
LEADER 01210nam a22003372a 4500
001 000890108
003 CZ BrMZK
005 20110908114411.0
007 ta
008 080319s1978 xr a er|||||||||||cze d
015 |a cnb000421522 
035 |a (OCoLC)42183345 
040 |a ABA001  |b cze  |c BOA001  |d ABA001 
080 9 |a 591.46:598.8(082) 
100 1 |a Hájek, Vladislav  |7 jn19981001502  |4 aut 
245 1 0 |a Určování stáří a pohlaví pěvců /  |c Vladislav Hájek ; il. Dan Bárta 
250 |a 1. vyd. 
260 |a Praha :  |b SZN,  |c 1978 
300 |a 247, [1] s. ;  |c 8° 
490 1 |a Knihovna Moravského ornitologického sdružení Vlastivědného ústavu v Přerově ;  |v sv. 3 
500 |a Neprodejné 
500 |a 2000 výt. 
500 |a Vyd. Kraj. středisko st. památkové péče a ochrany přírody v Ostravě 
504 |a Obsahuje bibliografii 
500 |a Čes. a lat. názvový rejstřík 
500 |a Obálka: Ivan Urbánek 
830 0 |a Knihovna Mor. ornitologického sdružení Vlastivědného ústavu v Přerově 
910 |a BOA001  |b 2-0798.191 
990 |a BK 
991 |b 200803 
996 6 |b 2619251980  |c 2-0798.191  |l MZK  |r Sklad / do 1 hodiny  |n 2  |w 000890108  |u 000010  |a 1  |e BOA001  |j MZK50  |s P